01680nam a2200325 a 450000500170000000800410001702000180005804000250007604100080010104400070010908200180011610000250013424500310015926000530019030000180024365000240026165000150028565000270030065000390032770000340036670000350040094200150043594500150045099900150046595201360048095201890061695201790080595201910098495201790117520200104041558.0140127b2006 ck ||||| |||| 00| 0 spa d a9789588151700 aCO-BoIAVHcCO-BoIAVH aspa ack a638.1 bS58g 1 aSilva Garnica, Diego aGuía ambiental apícola aBogotábInstituto Alexander von Humboldtc2006 a142 páginas14aGestión ambiental14aApicultura14aBiocomercio sostenible14aConservación de la Biodiversidad aArcos Dorado, Adriana Lucía aGómez Díaz, José Antonio cLIBRO2ddc d2006-10-13 c5339d5339 00102z40708REFERENCIAaVillabVillad2006-10-13l0oIAVH-00546p023209r2012-12-04 00:00:00tEj. 1w2012-12-04xOriginalyLIBRO 00102ddc40708HUMBOLDTIINV2017aVenadobVenadod2014-07-18eInstitutog30000.00l0oIAVH-638.1 S58gp024038r2012-12-04 00:00:00tEj. 4w2012-12-04xDepósito InstitucionalyLIBRO 00102ddc40708HUMBOLDTIINV2017aBogotabBogotad2007-05-08eInstitutog30000.00l0oIAVH-638.1 S58g p024039r2012-12-04 00:00:00tEj. 1w2012-12-04xInstitucionalyLIBRO 00102ddc40708HUMBOLDTIINV2017aBogotabBogotad2007-05-08eInstitutog30000.00l1oIAVH-638.1 S58g p024040r2019-05-13 00:00:00s2019-05-13tEj. 2w2012-12-04xInstitucionalyLIBRO 00102ddc40708HUMBOLDTIINV2017aBogotabBogotad2013-09-25eInstitutog30000.00l0oIAVH-638.1 S58g p029497r2013-09-25 00:00:00tEj. 3w2013-09-25xInstitucionalyLIBRO